LEADER 00946nam1 2200337 450 001 990002977000203316 005 20070925113309.0 035 $a000297700 035 $aUSA01000297700 035 $a(ALEPH)000297700USA01 035 $a000297700 100 $a20070925d--------km-y0itay50------ba 101 $aeng 102 $aGB 105 $a||||||||001yy 200 1 $aInternational dispute resolution 210 $aLondon$cSweet & Maxwell 215 $av.$d24 cm 410 0$12001 463 \1$1001990002977030203316$12001 $a<> Cases 463 \1$1001990002986570203316$12001 $a<> Materials 606 0 $aArbitrato internazionale 676 $a341.522 801 0$aIT$bsalbc$gISBD 912 $a990002977000203316 951 $aIG VIII 26 ING$bG.$cIG VIII 26 959 $aBK 969 $aGIU 979 $aIANNONE$b90$c20070925$lUSA01$h1133 996 $aInternational dispute resolution$91027205 997 $aUNISA LEADER 00888nam0-22003131--450- 001 990009129140403321 005 20091217143157.0 010 $a2-228-27350-3 035 $a000912914 035 $aFED01000912914 035 $a(Aleph)000912914FED01 035 $a000912914 100 $a20091217d1980----km-y0itay50------ba 101 0 $afre 102 $aFR 105 $ay-------001yy 200 1 $aMonstres , demons et merveilles a la fin du Moyen Age$fClaude Kappler 210 $aParis$cPayot$d1980 215 $a348 p.$cill$d23 cm 225 1 $a<>regard de l'histoire 676 $a704.9432$v19$zita 700 1$aKappler,$bClaude$0218938 801 0$aIT$bUNINA$gRICA$2UNIMARC 901 $aBK 912 $a990009129140403321 952 $aSDI-2KD 115$bs.i.$fSDI 959 $aSDI 996 $aMonstres, démons et merveilles à la fin du Moyen Age$926391 997 $aUNINA